LEADER 01148nam a2200289 u 4500 001 000000005433 003 CaOOAMICUS 005 20070226104748.0 008 940514s1976 it u000 u ita u 020 $aL5200 035 $a10141593 040 $aPUL(R)$bita 100 1 $aCapograssi, Giuseppe,$d1889-1956.$0(OLS)http://pul/name/5632 245 10$aIntroduzione alla vita etica /$cGiuseppe Capograssi ; a cura di Claudio Vasale. 260 $aRoma :$bStudium,$c1976. 300 $aviii, 201 p. ;$c21 cm 490 1 $aDialettica ;$v1 504 $a"Nota bio-bibliografica": p. [195]-201. 650 4$aEtica.$0(OLS)http://pul/subject/547 700 1 $aVasale, Claudio.$0(OLS)http://pul/name/855 830 0$aDialettica ;$v1.$0(OLS)http://pul/title/3052 850 $aPUL 852 $aPUL$W1$xDP1 Altre Collocazioni$y17$mSenza collocazione$j12$nBK-PRI$b $qStampati$B7604$CPULBib$Z2$F7604 $H $81 941 1 $a8 996 $6020$aL5200$9(OLS)http://pul/number/7059 996 $6245$aIntroduzione alla vita etica$9(OLS)http://pul/title/7953 996 $6260$aRoma :$bStudium$9(OLS)http://pul/publisher/47892 LEADER 01076nam a2200241 u 4500 001 000000106872 003 CaOOAMICUS 005 20070911113952.0 008 070911s1998 fr u000 u fre u 040 $aPUL$bita$dPG 110 1 $aKabasele Mukenge, André.$0(OLS)http://pul/name/65622 245 12$aL'unité littéraire du livre be Baruch /$cpar André Kabasele Mukenge. 260 $aParis :$bJ. Gabalda,$c2005. 300 $avii, 359 p. ;$c25 cm. 490 1 $aEtudes bibliques.$aNouvelle série ;$vn. 38 504 $aInclude bibliografia (p. [445]-481) e indice. 630 04$aBiblia.$pV.T.$pBaruch$xCommenti.$0(OLS)http://pul/subject/12096 830 0$aEtudes bibliques.$pNouvelle série,$x0760-3541 ;$vn. 38.$0(OLS)http://pul/title/41897 850 $aPUL 852 $aPUL$W1$xSL Religione 1$y3$m5 G 38(N.S.)$j120973$qStampati$B120132$CPULBib$Z2$F120132 $H77867 $82 941 1 $a8 996 $6245$aL'unité littéraire du livre be Baruch$9(OLS)http://pul/title/134553 996 $6260$aParis :$bJ. Gabalda$9(OLS)http://pul/publisher/48260